LEADER 01252nam a22002651i 4500 001 991000168849707536 005 20040728062853.0 008 040802s1996 it |||||||||||||||||ita 020 $a8886168047 035 $ab13185470-39ule_inst 035 $aARCHE-113808$9ExL 040 $aBiblioteca Interfacoltà$bita$cA.t.i. Arché s.c.r.l. Pandora Sicilia s.r.l. 082 04$a060.25 110 2 $aAccademia di agricoltura scienze e lettere$063895 245 10$aIndici dei volumi CXLV-CLXVIII (1968-1994) degli Atti e memorie della Accademia di agricoltura, scienze e lettere di Verona /$ca cura di Giuseppe Franco Viviani 260 $aVerona :$b[s.n.],$c1996 300 $a378 p. ;$c24 cm 651 4$aVerona$xAccademia di agricoltura, scienze e lettere$xPubblicazioni$y1968-1994$vIndici 700 1 $aViviani, Giuseppe Franco 907 $a.b13185470$b02-04-14$c05-08-04 912 $a991000168849707536 945 $aLE002 SP 060 Indici$g1$iLE002-34469N$lle002$nC. 1$o-$pE0.00$q-$rl$so $t0$u0$v0$w0$x0$y.i13826955$z05-08-04 996 $aIndici dei volumi CXLV-CLXVIII (1968-1994) degli Atti e memorie della Accademia di agricoltura, scienze e lettere di Verona$91101904 997 $aUNISALENTO 998 $ale002$b05-08-04$cm$da $e-$fita$git $h0$i1 LEADER 01865oas 2200661 a 450 001 9910679717303321 005 20260218112600.0 011 $a2573-7104 035 $a(DE-599)ZDB2156384-6 035 $a(OCoLC)48560174 035 $a(CONSER) 2013250752 035 $a(CKB)111025125905002 035 $a(DE-599)2156384-6 035 $a(EXLCZ)99111025125905002 100 $a20011209a20009999 sy a 101 0 $aeng 135 $auranu|||||||| 181 $ctxt$2rdacontent 182 $cc$2rdamedia 183 $acr$2rdacarrier 200 10$aJournal of research administration 210 $aWashington, DC $cSociety of Research Administrators$d2000- 210 3 $aArlington, VA $cSociety of Research Administrators International 300 $aRefereed/Peer-reviewed 311 08$a1539-1590 311 08$aPrint version: Journal of research administration 1539-1590 (DNL) 00252741 (OCoLC)43782178 531 0 $aJ. res. adm. 606 $aResearch$xManagement$vPeriodicals 606 $aResearch Support as Topic 606 $aResearch$xManagement$2fast$3(OCoLC)fst01095208 608 $aPeriodicals.$2fast 615 0$aResearch$xManagement 615 2$aResearch Support as Topic. 615 7$aResearch$xManagement. 676 $a001 712 02$aSociety of Research Administrators 712 02$aSociety of Research Administrators International 801 0$bHNK 801 1$bHNK 801 2$bEYM 801 2$bOCLCQ 801 2$bTJC 801 2$bCUD 801 2$bOCLCQ 801 2$bBUF 801 2$bOCLCF 801 2$bOCLCQ 801 2$bDLC 801 2$bVT2 801 2$bOCLCQ 801 2$bIOY 801 2$bSFB 801 2$bOCLCL 801 2$bOCLCQ 906 $aJOURNAL 912 $a9910679717303321 996 $aJournal of research administration$91917114 997 $aUNINA